000 00759nam a22001937a 4500
999 _c159775
_d159775
005 20190105123010.0
010 _aB-713054
020 _c425.00
035 _aB-713054
037 _bL/RP/R.K.Books
082 _a347.54
100 _aSinghal
245 _aSolved Papers For Higher Judicial Service Examination
_bPreliminary Examination
_cSinghal's
260 _aDelhi
_bSinghal Law Publications
_c2019
270 _aA-2/157,Bhagat Colony Sant Nagar
_bDelhi
_e110084
_k9810486750
_mwww.dinkarlawbooks.com
300 _a375p
_c23cm.(pbk)
942 _2ddc
_cEN
_h347.54
_mSIN